[Event "EU-ch (Women) 11th"]
[Site "Rijeka"]
[Date "2010.03.06"]
[Round "1.75"]
[White "Samanic, Verena"]
[Black "Calzetta Ruiz, Monica"]
[Result "0-1"]
[WhiteElo "1607"]
[BlackElo "2296"]
[PlyCount "122"]
[EventDate "2010.03.06"]
[EventType "swiss"]
[EventRounds "11"]
[EventCountry "CRO"]
[SourceDate "2010.03.06"]

1. e4 c5 2. Nc3 Nc6 3. Nf3 g6 4. Be2 Bg7 5. d3 Nf6 6. Be3 d6 7. O-O O-O 8. Qd2
Re8 9. d4 cxd4 10. Nxd4 Nxd4 11. Bxd4 Bd7 12. Rad1 Bc6 13. f3 a6 14. Rfe1 b5
15. a3 Rc8 16. e5 dxe5 17. Bxe5 Qxd2 18. Rxd2 Ne4 19. Nxe4 Bxe5 20. c3 Bf4 21.
Rd3 a5 22. Nf2 f5 23. Bf1 Kf7 24. Rd4 Bc7 25. c4 Bb6 26. Rd2 b4 27. axb4 axb4
28. b3 e5 29. Red1 e4 30. fxe4 fxe4 31. Re2 Kg7 32. g3 e3 33. Nd3 Bf3 34. Nxb4
Bxe2 35. Bxe2 Bc5 36. Rd7+ Kh6 37. Nd3 Be7 38. h4 Ra8 39. Kg2 Ra2 40. Kf3 g5
41. hxg5+ Bxg5 42. b4 Rd2 43. Rb7 Ra8 44. Rb6+ Kg7 45. Nf4 Bxf4 46. gxf4 Raa2
47. Rb7+ Kg6 48. Rb6+ Kh5 49. Rb5+ Kh4 50. Rb7 h5 51. Kxe3 Rxe2+ 52. Kd4 Rad2+
53. Kc5 Re4 54. Kb5 Rdd4 55. Rc7 Rxf4 56. Rc8 Kg4 57. c5 Rxb4+ 58. Ka6 Rf1 59.
Ka5 Rb2 60. Rg8+ Kh4 61. Ka4 Ra1# 0-1

[Event "EU-ch (Women) 11th"]
[Site "Rijeka"]
[Date "2010.03.06"]
[Round "1.76"]
[White "Kursova, Maria"]
[Black "Batory, Lucija"]
[Result "1-0"]
[WhiteElo "2296"]
[BlackElo "1575"]
[PlyCount "83"]
[EventDate "2010.03.06"]
[EventType "swiss"]
[EventRounds "11"]
[EventCountry "CRO"]
[SourceDate "2010.03.06"]

1. d4 d5 2. Nf3 Nf6 3. c4 c6 4. e3 Bg4 5. Nc3 dxc4 6. Bxc4 e6 7. h3 Bh5 8. O-O
Nbd7 9. Be2 Be7 10. e4 O-O 11. Be3 Qc7 12. Qb3 Bg6 13. Nd2 e5 14. dxe5 Nxe5 15.
Rae1 Rad8 16. Qc2 Bb4 17. f4 Ned7 18. f5 Bh5 19. Bxh5 Nxh5 20. Nd5 Qa5 21. Nc4
Qb5 22. a4 cxd5 23. axb5 Bxe1 24. exd5 Bh4 25. Rd1 Bf6 26. g4 Ng3 27. Qg2 Rc8
28. b3 Bh4 29. Bf4 Nxf5 30. gxf5 Rfe8 31. Nd6 Be7 32. Nxc8 Bc5+ 33. Kh1 Rxc8
34. d6 Re8 35. Qxb7 Nf6 36. d7 Rd8 37. Qc8 Be7 38. Bc7 Rxc8 39. dxc8=Q+ Bf8 40.
Rd8 h6 41. Rxf8+ Kh7 42. Rh8# 1-0